00701nam a2200229 a 4500001001300000003000900013005001700022008004100039020001100080082001500091100001700106245008100123260004400204300000900248500003500257505001000292650002300302902000800325942000700333952011400340999001700454nice12345678IN_TiNIC20260116013550.0050524s1988 utaa grp 000 0 eng  ac12.500a297.1bTIB aTibi, Bassam aCrisis of Modern Islamb a Preindustrial Culture in the Scientific-Technolog aUtah-UkbUniversity of Utah Pressc1988 a186p aincludes index and biblioraphy2 aIndex aIslam-20th Century bSRS cBK 001040708StackRoom-aHMIbHMId2007-07-30g12.50l0o297.1 TIBp017666r2007-07-30v12.50w2005-05-24yBK c11494d11494